000 00253nam a2200097Ia 4500
008 220204s9999 xx 000 0 und d
100 _aReddin, W J
245 0 _aEffective management by objectives
260 _aBombay
_bTata McGraw hill
_c1971
942 _cBK
999 _c22975
_d22975